SESI TERAPI & KAUNSELING PELAJAR

Bibliographic Details
Main Author: Nurul Wahyunie Yunus (Author)
Format: Book
Published: Subang Jaya. Selangor : MRZ ULTIMATE RESOURCES [2025]
Series:Membina persekitaran sekolah selamat
Subjects:

MARC

LEADER 00000cam a2200000 7i4500
001 0000325552
005 20251217121224.0
007 t
008 250417s2025 my o j 0000 may d
020 |a 9786297541105 
040 |a MBPJ   |b eng   |c MBPJ   |e rda 
090 0 0 |a 370.158   |b NUR 
100 0 |a Nurul Wahyunie Yunus ,   |e author 
245 1 0 |a SESI TERAPI & KAUNSELING PELAJAR   |c Nurul Wahyunie Yunus 
264 1 |a Subang Jaya. Selangor :   |b MRZ ULTIMATE RESOURCES   |c [2025] 
300 |a 40 pages :   |b colour photographs ;   |c 26 cm. 
336 |a still image  |2 rdacontent 
336 |a text  |2 rdacontent 
337 |a unmediated  |2 rdamedia 
338 |a volume  |2 rdacarrier 
490 1 |a Membina Persekitaran Sekolah Selamat 
650 0 |a Educational counseling 
650 0 |a School discipline 
650 0 |a School environment 
650 0 |a School management and organization 
830 0 |a Membina persekitaran sekolah selamat 
999 |a 00421673   |b BUKU   |c JUNIOR BOOKS   |e PERPUSTAKAAN KOMUNITI PETALING JAYA